Catálogo de la Biblioteca Horacio González - Universidad Nacional de General Sarmiento

El ausente (Registro nro. 54518)

Detalles MARC
000 -CABECERA
campo de control de longitud fija 02054ngm a22003610a 4500
001 - NÚMERO DE CONTROL
campo de control PT19325
003 - IDENTIFICADOR DEL NÚMERO DE CONTROL
campo de control AR-LpoUNG
005 - FECHA Y HORA DE LA ÚLTIMA TRANSACCIÓN
campo de control 20210202000259.0
007 - CAMPO FIJO DE DESCRIPCIÓN FÍSICA--INFORMACIÓN GENERAL
campo de control de longitud fija vd cvaizq
008 - DATOS DE LONGITUD FIJA--INFORMACIÓN GENERAL
campo de control de longitud fija 191001s1987||||ag |||||||||||||||||spa d
037 ## - FUENTE DE ADQUISICIÓN
Condiciones de disponibilidad $16.63
040 ## - FUENTE DE LA CATALOGACIÓN
Centro catalogador/agencia de origen AR-LpoUNG
Lengua de catalogación spa
Centro/agencia transcriptor AR-LpoUNG
Normas de descripción aacr
041 ## - CÓDIGO DE LENGUA
Código de lengua del texto/banda sonora o título independiente spa
044 ## - CÓDIGO DEL PAÍS DE LA ENTIDAD EDITORA/PRODUCTORA
Código MARC del país ag
082 0# - NÚMERO DE LA CLASIFICACIÓN DECIMAL DEWEY
Número de clasificación 982.065 483aus
100 1# - ENTRADA PRINCIPAL--NOMBRE DE PERSONA
Nombre de persona Filipelli, Rafael
Término indicativo de función/relación dir.
245 13 - MENCIÓN DE TÍTULO
Título El ausente
260 ## - PUBLICACIÓN, DISTRIBUCIÓN, ETC.
Lugar de publicación, distribución, etc. s.l. :
Nombre del editor, distribuidor, etc. Unión de Cineastas Argentinos,
Fecha de publicación, distribución, etc. 1987.
300 ## - DESCRIPCIÓN FÍSICA
Extensión VHS (85 min.) : son., byn, col.
505 0# - NOTA DE CONTENIDO CON FORMATO
Nota de contenido con formato Sonido: Mario Antognini; música: Jorge Candia; montaje: Diego García Gutierrez.
520 ## - SUMARIO, ETC.
Sumario, etc. Si bien el film no alude a nadie con nombres propios conocidos, se trata de los hechos protagonizados por el dirigente obrero, desaparecido en 1976, René Salamanca en el sindicalismo cordobés de los años setenta. El relato se desarrolla desde tres instancias narrativas: en un contexto social se desarrolla la vida de Raúl Salas, nombre figurado del personaje; un joven intelectual, Muñíz, el autor de los discursos de Salas, y su voz escrita, articula segmentos del tema unas veces frente a la cámara de una directora de ficción, otras en soledad; el mismo Salas que, envuelto en una atmósfera de fábrica abandonada, intuye el futuro en una dimensión del pasado e introduce al espectador en la justificación de los planos finales, los más solos y tristes de que se tenga recuerdo en la pantalla argentina. La acción, con emergencias de discusión entre el dirigente obrero que ejecuta y Muñíz, el intelectual que reflexiona, tiene tonalidad épica en los segmentos iniciales y se vuelve interior, espesa, cuando se empieza a intuir la muerte.
650 #4 - PUNTO DE ACCESO ADICIONAL DE MATERIA--TÉRMINO DE MATERIA
Término de materia o nombre geográfico como elemento de entrada ASPECTOS POLITICOS
650 #4 - PUNTO DE ACCESO ADICIONAL DE MATERIA--TÉRMINO DE MATERIA
Término de materia o nombre geográfico como elemento de entrada IDEOLOGIAS POLITICAS
650 #4 - PUNTO DE ACCESO ADICIONAL DE MATERIA--TÉRMINO DE MATERIA
Término de materia o nombre geográfico como elemento de entrada SINDICALISMO
650 #4 - PUNTO DE ACCESO ADICIONAL DE MATERIA--TÉRMINO DE MATERIA
Término de materia o nombre geográfico como elemento de entrada SOCIEDAD
653 ## - TÉRMINO DE INDIZACIÓN--NO CONTROLADO
Término no controlado CINE ARGENTINO
653 ## - TÉRMINO DE INDIZACIÓN--NO CONTROLADO
Término no controlado IZQUIERDA ARGENTINA
653 ## - TÉRMINO DE INDIZACIÓN--NO CONTROLADO
Término no controlado PARTIDO COMUNISTA REVOLUCIONARIO
653 ## - TÉRMINO DE INDIZACIÓN--NO CONTROLADO
Término no controlado VIDEOS
710 2# - PUNTO DE ACCESO ADICIONAL--NOMBRE DE ENTIDAD CORPORATIVA
Nombre de entidad corporativa o nombre de jurisdicción como elemento de entrada Unión de Cineastas Argentinos
905 ## - ELEMENTOS DE DATOS E LOCAL, LDE (RLIN)
a 19325
942 ## - ELEMENTOS DE PUNTO DE ACCESO ADICIONAL (KOHA)
Tipo de ítem Koha Video
Existencias
Estado de retiro Estado de pérdida Estado dañado No para préstamo Código de colección Localización permanente Ubicación/localización actual Fecha de adquisición Total de préstamos Signatura topográfica completa Código de barras Fecha visto por última vez Precio válido a partir de Tipo de ítem Koha
        Colección Cine Biblioteca Universidad Nacional de General Sarmiento Biblioteca Universidad Nacional de General Sarmiento 02/02/2021   982.065 483aus 00020712 02/02/2021 02/02/2021 Video